Normal view
MARC view
Entry Topical Term
001 - CONTROL NUMBER
- control field: 18563
003 - CONTROL NUMBER IDENTIFIER
- control field: OSt
005 - DATE AND TIME OF LATEST TRANSACTION
- control field: 20201012163449.0
008 - FIXED-LENGTH DATA ELEMENTS
- fixed length control field: 201012|| aca||aabn | a|a d
040 ## - CATALOGING SOURCE
- Original cataloging agency: OSt
- Transcribing agency: OSt
150 ## - HEADING--TOPICAL TERM
- Topical term or geographic name entry element: Human capital, Skills, Occupational choice, Labor productivity, Personnel economics
670 ## - SOURCE DATA FOUND
- Source citation: Work cat.: (OSt): Papay, John P. et al 18562, Learning job skills from colleagues at work: evidence from a field experiment using teacher performance data
